000 00611nam a2200205 a 4500
001 10193
003 CO-ViMGA
008 141112s2004 ck r 000 u spa d
020 _a8401011450
040 _aCO-ViMGA
_bspa
_cCO-ViMGA
082 0 4 _a338.98 M35m
100 1 _aVargas Llosa ; Mario,
_913186
245 1 0 _aManual del Perfecto Idiota LatinoAméricano
260 _aBarcelona :
_bPlaza y Janes Editores S.A,
_c1999
300 _a393p.
650 1 4 _aCONDICIONES ECONOMICAS
_913187
650 1 4 _aCONDICIONES SOCIALES
_913188
650 1 4 _aPolítica Y GOBIERNO - América LATINA
_913189
942 _2ddc
_cBK
999 _c21565
_d21565